Nem a döntés bántja, hanem az, ahogyan közölték

Bibliographic Details
Main Authors: Orosky, Tamás (Author, Interviewer), Suja, Tímea, 1984- (Author)
Format: Article
Language:Hungarian
PhysicalDescription:Fotogr.
ISSN:1335-7050
Subjects:

MARC

LEADER 00000nab a2200000 a 4500
001 vtls010629521
003 SK-MaSNL
005 20260318132857.0
008 141021c20141021xo d| | 000 0|2hun
015 |a SNBRB2014/10 
038 |a DSZK 
040 |a DSZK  |b slo  |c DSZK  |e AACR2 
041 0 |a hun 
044 |a xo  |c SK 
080 |a 796.323.2.071.2-055.2  |x (437.6)  |2 2001 
100 1 |a Orosky, Tamás  |4 ivr  |4 aut  |9 1087157 
245 1 0 |a Nem a döntés bántja, hanem az, ahogyan közölték  |c Orosky Tamás, Suja Tímea 
300 |b Fotogr. 
600 1 7 |a Sujová, Tímea,  |d 1984-  |2 dszk  |9 1194360 
610 2 7 |a ŠBK Šamorín  |2 dszk  |9 1194104 
650 0 7 |a basketbalistky  |2 dszk  |9 69163 
651 7 |a Šamorín (Slovensko)  |2 SNKPHgeo  |9 28925 
700 1 |a Suja, Tímea,  |d 1984-  |4 ive  |4 aut  |9 1194307 
773 0 |t Új szó  |g Évf. 67, sz. 242 (2014.10.21), o. 15  |x 1335-7050 
852 |a DSZK  |b KIS3GCP 
958 |a HU 
958 |a SK 
999 |c 2079986  |d 2081916